Damit Hartz wirkt!

Saved in:
Bibliographic Details
Other Authors: Raddatz, Guido, Schick, Gerhard
Format: Book
Language:German
Published: Berlin Stiftung Marktwirtschaft 2003
Subjects:
Tags: Add Tag
No Tags, Be the first to tag this record!

MARC

LEADER 00000nam$a2200000$$$4500
001 0054259
005 20230120110737.4
020 |a 3-89015-095-0 
041 0 |a ger 
044 |a DE 
245 1 0 |a Damit Hartz wirkt!  |c Guido Raddatz, Gerhard Schick (Hrsg.) 
264 1 |a Berlin  |b Stiftung Marktwirtschaft  |c 2003 
300 |a 119 s. 
610 2 0 |a trh práce 
610 2 0 |a politika zamestnanosti 
610 2 0 |a reformy 
610 2 0 |a efektívnosť 
610 2 0 |a miesta pracovné 
610 2 0 |a inštitúcie verejnoprávne 
610 2 0 |a inovácia 
610 2 0 |a porovnanie medzinárodné 
610 2 0 |a čas pracovný 
610 2 0 |a Nemecko 
700 1 |a Raddatz, Guido 
700 1 |a Schick, Gerhard